Statistics for European Cities by Football Club

Click here to take the quiz!

General Stats

  • This quiz has been taken 76 times
  • The average score is 28 of 36

Answer Stats

Club City % Correct
JuventusTurin
95%
Atlético ______Madrid
93%
ArsenalLondon
93%
Sporting ______Lisbon
92%
AjaxAmsterdam
92%
Bayern _______Munich
92%
CelticGlasgow
92%
_____ Saint-GermainParis
90%
PanathinaikosAthens
90%
EvertonLiverpool
90%
LazioRome
89%
EspanyolBarcelona
87%
Red Star ________Belgrade
85%
InternazionaleMilan
85%
Aston VillaBirmingham
84%
HerthaBerlin
84%
Lokomotiv ______Moscow
82%
Rapid ____Vienna
80%
ShakhtarDonetsk
79%
BeşiktaşIstanbul
79%
Shamrock RoversDublin
79%
ZenitSt Petersburg
79%
AnderlechtBrussels
77%
Legia ______Warsaw
75%
FeyenoordRotterdam
75%
Young BoysBern
74%
Dinamo ______Zagreb
67%
FCSBBucharest
66%
GrasshoppersZürich
64%
SampdoriaGenoa
62%
FerencvárosBudapest
59%
HJKHelsinki
54%
AIKStockholm
52%
Bohemians ______ 1905Prague
49%
VålerengaOslo
38%
ValurReykjavik
33%

Score Distribution

Percentile by Number Answered

Percent of People with Each Score

Your Score History

You have not taken this quiz